Générique Fruits Basket - Paroles - Statistiques

Statistiques générales
  • Ce quiz a été pris 31 fois
  • Le résultat moyen est 8 sur 16
Statistiques - réponses
Paroles % Correct
Mais grâce à ton {sourire} tout s'apaisa
85%
Tous les mots de la vie sont des {sanglots}
70%
Jusqu'au soleil du {matin} qui la réchauffa
65%
Sous sa chaleur j'ai vu mon {bonheur} retoruvé
65%
Du retour du {printemps} j'ai tant douté
60%
Let's stay together à {jamais}
55%
Ne peuvent guérir par les {mots}
55%
Nous souffrons de milles {maux}
55%
La terre n'offrait rien, encore {gelée}
50%
Il suffit de vouloir y {croire}
45%
Même si nos {blessures} d'hier
45%
Même si aujourd'hui {encore}
40%
Me {réincarner}
35%
Mais je peux continuer à vivre et à {changer}
30%
Pour enfin se {libérer}
30%
Humainement, je ne peux tout {refaire}
15%
Aucun quiz correspondant
Distribution des résultats
% des personnes avec chaque résultat
Percentile par nombre de réponses
Votre historique - résultats
Vous n’avez pas pris ce quiz